| 000 | 00337nam a2200145 a 4500 | ||
|---|---|---|---|
| 001 | 392 | ||
| 003 | CDMR | ||
| 005 | 20130116135154.0 | ||
| 008 | 130130s2000||||||||||||||||||||||||||||d | ||
| 040 |
_aCDMR _bcat _cCPC GIRONA |
||
| 100 | 1 |
_aTamaro, Susanna _9272 |
|
| 245 | 1 | 0 |
_aCap a casa _cTamaro, Susanna |
| 260 |
_c2000 _bEmpúries |
||
| 942 | _cMON | ||
| 999 |
_c392 _d392 |
||